LEADER 01231naa a2200217 u 4500 001 000000097810 003 CaOOAMICUS 005 20070226130152.0 008 050506s1979 it u000 u ita u 035 $a11045250 040 $aIAR$bita 100 1 $aRomboli, Floriano.$0(OLS)http://pul/name/61924 245 10$a[Recensione :] Atti dell'Istituto Veneto di Scienze, Lettere ed Arti, Classe di scienze morali, lettere ed arti, CXXXV /$cFloriano Romboli. 260 $aPisa :$bScuola Normale,$c1979. 300 $aS. 1681-1684 ;$c25 cm 630 04$aAtti dell'Istituto Veneto di Scienze, Lettere ed Arti ;$nClasse di scienze morali, lettere ed arti.$0(OLS)http://pul/subject/31118 730 0 $aAnnali della Scuola normale superiore di Pisa, Classe di lettere e filosofia$g[Spogli].$0(OLS)http://pul/title/24292 773 0 $tAnnali della Scuola Normale Superiore di Pisa$gSerie III, vol. IX,4 (1979). 773 0 $tAnnali della Scuola normale superiore di Pisa, Classe di lettere e filosofia$w()16982 996 $6245$a[Recensione :] Atti dell'Istituto Veneto di Scienze, Lettere ed Arti, Classe di scienze morali, lettere ed arti, CXXXV$9(OLS)http://pul/title/124694 996 $6260$aPisa :$bScuola Normale$9(OLS)http://pul/publisher/79182